000
00411nam a22001697a 4500
003
MPLRDC
005
20220104114647.0
008
210129b ||||| |||| 00| 0 eng d
082
_a
733.8 LY
100
_a
李怡
245
_a
香港前途与中国政治
_c
250
_a
初版
260
_a
_b
臻善文化事业公司
_c
1985
300
_b
平
650
_a
东亚诸岛屿--香港
942
_c
BK
_o
733.8 LY
999
_c
9227
_d
9217